000 00452nam a2200169Ia 4500
008 220803s9999 xx 000 0 und d
020 _a978-93-81626-18-4
041 _aeng
082 _a823 BAN/GAN
100 _aBansal Rashmi
_929016
245 _aPoor Little Rich Slum
260 _aChennai
_bWestland Ltd
_c2012
300 _a189p
500 _aArchitecture
650 _aEnglish Literature
_929017
700 _aBansal Rashmi Gandhi Deepak
_929018
999 _c18256
_d18256